000
00271nam a22001097a 4500
082
_a
684.08 HAY'S
100
_a
HAYCOCK, A. H
_9
57396
245
_a
SPINDLE MOULDING PRINCIPLES OF MACHINE WOODWORKING
260
_a
LONDON
_b
TECHNICAL
_c
1952
300
_a
124P
942
_c
BK
999
_c
568342
_d
568342